LEADER 00707nam a2200169 i 4500 001 000000216937 003 CaOOAMICUS 005 20121115000000.0 008 121115s1849 xx u000 u lat u 013 $a195833 040 $aSeMil$bita 245 10$aQui complectitur commentaria de sacramentis. 300 $a415 p. 773 0 $aAlasia, Giuseppe Antonio <1731-1812>$tAntonii Alasia ... Theologia moralis in compendium.$dAugustae Taurinorum : Excudebant Joan. Bapt. Paravia et soc., 1848-1851.$gTomus3$w()27661 850 $aSeMil 852 $aSeMil$W1$xVenegono$y1$m2E IV 49 FA$j167353$B167353$CSeMilBibl$Z2$F178143 $8I 996 $6245$aQui complectitur commentaria de sacramentis$9(OLS)http://semarc/title/311823 LEADER 00905nam a2200193 i 4500 001 000000057193 003 CaOOAMICUS 005 19970926000000.0 008 970926n xx u000 u eng u 013 $a28365 040 $aSeMil$bita 100 1 $aKane, Eugene C. .$0(OLS)http://semarc/name/29036 245 10$aThree Christological positions in contemporary American Protestantism :$bN. Ferré, R. Niebuhr, and P. Tillich. 600 14$aTillich, Paul <1886-1965>.$0(OLS)http://semarc/subject/9267 650 4$aNiebuhr, Reinhold <1892-1971>.$0(OLS)http://semarc/subject/8619 650 4$aTesi di laurea.$0(OLS)http://semarc/subject/1690 850 $aSeMil 852 $aSeMil$W1$xVenegono$y1$m2I V 195$j23347$B23347$CSeMilBibl$Z2$F23349 $81 996 $6245$aThree Christological positions in contemporary American Protestantism :$bN. Ferré, R. Niebuhr, and P. Tillich$9(OLS)http://semarc/title/88977